50 Biggest Cities in Nigeria on a Map - Statistics

General Stats
  • This quiz has been taken 2,595 times
  • The average score is 16 of 50
Answers on the Map
Answers color-coded by a green-red scale on the quiz's map according to % correct below.
 
Answer Stats
City Population % Correct
Lagos 8,048,430
99%
Abuja 776,298
96%
Kano 2,828,861
92%
Ibadan 2,559,853
82%
Benin City 1,147,188
80%
Port Harcourt 1,005,904
80%
Kaduna 760,084
58%
Aba 534,265
55%
Maiduguri 543,016
53%
Jos 821,618
52%
Enugu 722,664
49%
Sokoto 427,760
48%
Ilorin 777,667
47%
Onitsha 261,604
47%
Warri 557,398
44%
Zaria 695,089
44%
Oyo 428,798
40%
Uyo 427,873
31%
Calabar 371,022
29%
Owerri 401,873
29%
Abeokuta 451,607
28%
Katsina 318,459
28%
Ife 509,035
26%
Akure 484,798
25%
Osogbo 421,000
24%
Gombe 230,900
23%
Bauchi 493,810
22%
Owo 218,886
22%
Ado Ekiti 308,621
20%
Ogbomosho 299,535
20%
Ikorodu 535,619
17%
Makurdi 249,000
17%
Minna 348,788
17%
Ondo 358,430
17%
Yola 392,854
16%
Jimeta 218,400
15%
Lafia 330,712
15%
Nsukka 309,633
15%
Umuahia 359,230
14%
Awka 301,657
13%
Ikeja 313,196
12%
Mubi 280,009
12%
Okene 320,260
12%
Sagamu 253,412
12%
Iseyin 286,700
11%
Badagry 241,093
10%
Ilesa 233,900
9%
Obafemi Owode 228,851
8%
Mokwa 244,937
7%
Suleja 216,578
7%
No matching quizzes found
Score Distribution
Percent of People with Each Score
Percentile by Number Answered
Your Score History
You have not taken this quiz